000 00771cam a2200229 i 4500
005 20251119101450.0
008 250721s2012 ku gr 000 0 ara d
082 1 4 _a210.42618
_bد م ر
100 1 _aالدمرداش، صبري
_eمؤلف.
245 1 0 _aمذكرات جنين /
_cأ.د. صبري الدمرداش.
250 _aالطبعة الأولى.
264 3 1 _aالكويت :
_bمكتبة المنار الاسلامية،
_c2012.
300 _a291 صفحة.
650 1 7 _aالجنين.
650 1 7 _aإنغراس البيضة.
650 1 7 _aالتناسل الجنسي.
650 1 7 _aدورة الحياة.
650 1 7 _aالإسلام.
650 1 7 _aالقرآن الكريم.
942 _2ddc
_cBK
999 _c135897
_d135897